000 00802nam a2200241Ia 4500
999 _c41075
_d41075
001 7724
003 GE_BSU
005 20210309141839.0
008 181216s2012||||enk|||||||||||||| ||eng||
020 _a9781848828919
040 _cGE_BSU
041 _aeng
080 _a514.7 P-91
100 _aPressley, Andrew.
_910394
245 _aElementary Differential Geometry /
_cAdvisory Board:M.A.J.Chaplain,K.Erdmann,and other.
250 _aSecod Edition.Springer Undergraduate Mathematics Series: ISSN 1615-2085.
264 _aNew York:
_bSpringer,
_c2012.
300 _a437 p.;
_b23 cm.
440 _aMathematics Series
_xISSN 1615-2085
_910396
653 _aElementary Differential Geometry.
653 _aდიფერენციალური გეომეტრია
942 _cBK
_2udc